000 00742nam a2200277Ia 4500
008 160716s9999||||xx |||||||||||||| ||und||
040 _cEnglish
082 _aXI.E/Chatterjee
082 _bBORI-60980
100 _aSuniti Kumar Chatterji
245 _aReligious and Cultural Integration of India
260 _c1967
300 _a4+76+13
300 _cB
300 _eHardbound
530 _bR. N. Dandekar
530 _u00060980.pdf
563 _aStudy
600 _aSuniti Kumar Chatterji
630 _aReligious and Cultural Integration of India
650 _aGeneral Indology
650 _aReligion
700 _aSuniti Kumar Chatterji
730 _aReligious and Cultural Integration of India
942 _cBOOK
999 _c1397409
_d1397406